Largest Dinosaurs - Statistics

General Stats
  • This quiz has been taken 175 times
  • The average score is 2 of 10
Answer Stats
Clue Dinosaur % Correct
110-130 ft. Argentinosaurus
75%
120-200 ft. Apatosaurus
58%
100-110 ft. Supersaurus
30%
120-130 ft. Amphicoelias
19%
100-110 ft. Sauroposeidon
19%
100-110 ft. Paralititan
6%
90-110 ft. Turiasaurus
2%
100-115 ft. Antarctosaurus
1%
100-120 ft. Futalognkosaurus
1%
110-130 ft. Puertosaurus
1%
No matching quizzes found
Score Distribution
Percent of People with Each Score
Percentile by Number Answered
Your Score History
You have not taken this quiz